| 000 | 02185cam a22003731i 4500 | ||
|---|---|---|---|
| 003 | SA_RiAUC | ||
| 005 | 20241014151049.0 | ||
| 008 | 241014s2011____le f 000 0 ara c | ||
| 020 | _a9786144161852 | ||
| 040 |
_aSA-MaHRM _bara _cSA-RiAUC _erda |
||
| 082 | 0 | 4 |
_a258.2 _qSA-RiAUC |
| 090 |
_a258.2 _b م ي ا |
||
| 100 | 1 |
_aميارة، محمد بن أحمد بن محمد، _d999-1072 هجري _eمؤلف. |
|
| 245 | 1 | 2 |
_aالروض المبهج في شرح تكميل المنهج في القواعد والضوابط الفقهية المالكية / _cمحمد بن أحمد ميارة الفارسي ؛ دراسة وتحقيق محمد أوادير مشنان ؛ تقديم محمد الطاهر آيت علجت. |
| 250 | _aالطبعة الأولى. | ||
| 264 | 1 |
_aبيروت : _bدار ابن حزم، _c2011 |
|
| 300 |
_a2 مجلد ؛ _c24 سم. |
||
| 336 |
_aنص _btxt _2rdacontent _3كتاب |
||
| 337 |
_aبدون وسيط _bn _2rdamedia |
||
| 338 |
_aمجلد _bnc _2rdacarrier |
||
| 490 | 0 | _aمركز الإمام الثعالبي للدراسات والنشر التراث | |
| 500 | _aالأصل أطروحة (دكتوراه)-كلية العلوم الإسلامية. | ||
| 650 | 7 |
_aالفقه المالكي _2aucsh |
|
| 700 | 1 | 2 |
_aمشنان، محمد إدير _eمحقق. |
| 700 | 1 |
_aآيت علجت، محمد طاهر، _d1912- _eمقدم. |
|
| 700 | 1 | 2 |
_aميارة، محمد بن أحمد بن محمد، _d999-1072 هجري. _tبستان فكر المهج في تكميل المنهج. |
| 700 | 1 | 2 |
_aميارة، محمد بن أحمد بن محمد، _d999-1072 هجري. _tالروض المبهج في شرح تكميل المنهج. |
| 700 | 1 | 2 |
_aالمنجور، أحمد بن علي بن عبد الرحمن، _d926-995 هجري. _tشرح المنهج المنتخب إلى قواعد المذهب. |
| 700 | 1 | 2 |
_aالزقاق، علي بن قاسم بن محمد، _dتوفي 912 هجري. _tالمنهج المنتخب على قواعد المذهب. |
| 740 | 0 | 2 | _aنظم تكميل المنهج. |
| 740 | 2 | 2 | _aالمنهج المنتخب إلى قواعد المذهب. |
| 942 |
_2ddc _cBOOK _n0 |
||
| 949 |
_aSA-JeALM _d241014 _umohamedma123 _n1 |
||
| 999 |
_c1316 _d1316 |
||